The mud lumps at the mouths of the Mississippi / (Record no. 25325)
[ view plain ]
| 000 -LEADER | |
|---|---|
| fixed length control field | 00885cam a22002531 4500 |
| 001 - CONTROL NUMBER | |
| control field | gs 14000004 |
| 003 - CONTROL NUMBER IDENTIFIER | |
| control field | DLC |
| 005 - DATE AND TIME OF LATEST TRANSACTION | |
| control field | 20260227111315.0 |
| 008 - FIXED-LENGTH DATA ELEMENTS--GENERAL INFORMATION | |
| fixed length control field | 800828s1913 dcuabf f000 0 eng c |
| 010 ## - LIBRARY OF CONGRESS CONTROL NUMBER | |
| LC control number | gs 14000004 |
| 035 ## - SYSTEM CONTROL NUMBER | |
| System control number | (OCoLC)6662974 |
| 040 ## - CATALOGING SOURCE | |
| Original cataloging agency | Library, U.S. Geol. |
| Transcribing agency | AU |
| Modifying agency | AU |
| -- | DLC |
| 042 ## - AUTHENTICATION CODE | |
| Authentication code | premarc |
| 050 00 - LIBRARY OF CONGRESS CALL NUMBER | |
| Classification number | QE75 |
| Item number | .P9 no. 85B |
| 051 ## - LIBRARY OF CONGRESS COPY, ISSUE, OFFPRINT STATEMENT | |
| Classification number | GB1205 |
| Item number | .S5 |
| 100 1# - MAIN ENTRY--PERSONAL NAME | |
| Personal name | Shaw, Eugene Wesley, |
| Dates associated with a name | 1881-1935. |
| 245 14 - TITLE STATEMENT | |
| Title | The mud lumps at the mouths of the Mississippi / |
| Statement of responsibility, etc. | by Eugene Wesley Shaw ... |
| 260 ## - PUBLICATION, DISTRIBUTION, ETC. | |
| Place of publication, distribution, etc. | Washington : |
| Name of publisher, distributor, etc. | Govt. Print. Off., |
| Date of publication, distribution, etc. | 1913. |
| 300 ## - PHYSICAL DESCRIPTION | |
| Extent | 1 p. l., 11-27 p. : |
| Other physical details | illus., 2 pl., fold. map, diagrs. ; |
| Dimensions | 30 cm. |
| 410 20 - SERIES STATEMENT/ADDED ENTRY--CORPORATE NAME [OBSOLETE, CAN/MARC], [LOCAL, USA] | |
| Corporate name or jurisdiction name as entry element | Geological Survey (U.S.). |
| Title of a work | Professional paper, |
| Volume number/sequential designation | 85-B |
| 500 ## - GENERAL NOTE | |
| General note | Pub. December 20, 1913. |
| 500 ## - GENERAL NOTE | |
| General note | Part B of Professional paper 85 "Contributions to general geology, 1913." |
| 651 #0 - SUBJECT ADDED ENTRY--GEOGRAPHIC NAME | |
| Geographic name | Mississippi River. |
No items available.